00712cam a2200241 a 45000010009000000050017000090080041000260100017000670200018000840400013001020410008001150420008001230800014001310820010001451000006001551010008001612450063001695040051002329060045002839420012003289990017003409520113003571683385620171214035214.0110618s2005 moua b 001 0 eng  a 2011287056 a9780323027656 aDLCcDLC aeng apcc a618.2 COH 2618.21 a1 aINF10aNursing case management :cElaine L. Cohen, Toni G. Cesta. aIncludes bibliographical references and index. a7bcbccorigcopd2encipf20gy-gencatlg 2ddccBK c38892d38892 00102udc40708PËKGa002b002cPËKGd2017-12-14l0o618.2 COHp002-2939154r2017-12-14w2017-12-14yBK